Recursos naturales en Centroamerica, Hoy /

Guardat en:
Dades bibliogràfiques
Autor corporatiu: CSUCA, IICA
Format: Desconegut
Publicat: San José :
Etiquetes: Afegir etiqueta
Sense etiquetes, Sigues el primer a etiquetar aquest registre!

MARC

LEADER 00000 a2200000 04500
001 15153
003
008 991231s d
040
090 |a 018221  
110 |a CSUCA  
245 |a Recursos naturales en Centroamerica, Hoy /  |c CSUCA  
260 |a San José :  
300 |a viii; 520 p.  
710 |a IICA  
999 |c 16537  |d 16537